Yleistieto - Maantiede #4 - Statistics

Yleistilastot
  • Tätä visaa on pelattu 601 kertaa
  • Keskiarvotulos 11 / 20
Vastaustilastot
Kysymys Vastaus % Oikein
Mikä on eteläisen pallonpuoliskon vastine kravun kääntöpiirille? {Kauriin} kääntöpiiri
87%
Mikä on Karibianmeren suurin saari? Kuuba
74%
Mikä vuori oli kreikkalaisen mytologian mukaan jumalten koti? Olympos
67%
Missä vuoristossa Matterhorn sijaitsee? Alpit
63%
Mikä on hindulaisuuden pyhin joki? Ganges
63%
Missä Egyptin kaupungissa sijaitsi aikoinaan maailman suurin kirjasto? Aleksandria
60%
Millä saarella makit elävät? Madagaskar
60%
Mikä Yhdysvaltain osavaltio oli itsenäinen valtio vuosina 1836–1846? Texas
58%
Mikä oli Japanin pääkaupunki ennen Tokiota? Kioto
56%
Mikä on Pakistanin pääkaupunki? Islamabad
55%
Mikä on Australian suurin saari? Tasmania
55%
Mikä on Rooman lempinimi? {Ikuinen} kaupunki
53%
Minkä valtion pääkaupunki on Jerevan? Armenia
50%
Missä valtiossa on eniten muslimeja? Indonesia
49%
Mikä on Yhdistyneen kuningakunnan toiseksi suurin kaupunki? Birmingham
48%
Mikä joki virtaa Kiovan läpi? Dnepr
44%
Mikä on Perun ja Bolivian rajalla sijaitseva Etelä-Amerikan suurin järvi? Titicaca
41%
Mikä kaupunki tunnettiin aikoinaan nimellä Tenochtitlan? México
40%
Mikä vuoristo sijaitsee Pohjois-Amerikan itärannikolla? Appalakit
37%
Mikä Ruotsin alue tunnetaan punaisista puuhevosistaan? Taalainmaa
31%
Ehtoja vastaavia visoja ei löytynyt
Tulosjakauma
Jokaisen tuloksen saaneiden osuus
Persentiili vastausten määrän mukaan
Tuloshistoriasi
Et ole pelannut tätä visaa